Vista normal
Vista MARC
Entrada Geographic Name
Número de registros utilizados en: 1
001 - CONTROL NUMBER
- control field: 43708
003 - CONTROL NUMBER IDENTIFIER
- control field: OSt
005 - DATE AND TIME OF LATEST TRANSACTION
- control field: 20241113110836.0
008 - FIXED-LENGTH DATA ELEMENTS
- fixed length control field: 241113|| aca||aabn | a|a d
040 ## - CATALOGING SOURCE
- Original cataloging agency: OSt
- Transcribing agency: OSt
151 ## - HEADING--GEOGRAPHIC NAME
- Geographic name: Meta (Colombia)
- General subdivision: Descripción
- Form subdivision: Fotografías
670 ## - SOURCE DATA FOUND
- Source citation: Work cat.: (OSt)38540: El Meta: los llanos son vida : después de esta tierra existe un lugar llamado paraíso /